Determinantes macroeconómicos de las remesas en los países del DR-CAFTA (Record no. 187773)

MARC details
000 -CABECERA
campo de control de longitud fija 01874nab a2200229 a 4500
005 - FECHA Y HORA DE LA ÚLTIMA TRANSACCIÓN
campo de control 20210219163050.0
008 - ELEMENTOS DE LONGITUD FIJA--INFORMACIÓN GENERAL
campo de control de longitud fija 991125s1985 mx 000 0 spa u
035 ## - NÚMERO DE CONTROL DEL SISTEMA
Número de control de sistema UPN01000215673
049 ## - COLECCIÓN
Colección ART
100 1# - ASIENTO PRINCIPAL--NOMBRE PERSONAL
Nombre de persona López Parra, Elibeth
100 1# - ASIENTO PRINCIPAL--NOMBRE PERSONAL
Nombre de persona Cruz Rodríguez, Alexis
222 #0 - TÍTULO CLAVE
Título clave CIENCIA Y SOCIEDAD
245 00 - MENCIÓN DE TÍTULO
Título Determinantes macroeconómicos de las remesas en los países del DR-CAFTA
260 ## - PUBLICACIÓN, DISTRIBUCIÓN, ETC.
Lugar de publicación, distribución, etc. Santo Domingo, República Dominicana
362 0# - FECHAS DE PUBLICACIÓN Y/O DESIGNACIÓN SECUENCIAL
Fecha de publicación y/o designación secuencial 361-388
520 3# - NOTA DE RESUMEN, ETC.
Sumario, etc. El objetivo del presente trabajo es determinar los factores macroeconómicos que influyen en el flujo de remesas desde los Estados Unidos y hacia los países signatarios del Tratado de Libre Comercio entre Estados Unidos, Centroamérica y la República Dominicana (DR-CAFTA). La metodología empleada analiza los datos de panel; los resultados muestran que un aumento porcentual en el crecimiento del Producto Interno Bruto real per cápita de los Estados Unidos aumenta en aproximadamente ocho puntos porcentuales el flujo de remesas hacia Centroamérica y la República Dominicana, luego de transcurrir un año. Es decir, mientras más oportunidades económicas tengan los migrantes en los Estados Unidos, mayor es la disponibilidad económica de enviar remesas hacia Centroamérica y la República Dominicana. Se concluye que las remesas son determinadas por variables que afectan directamente a los ingresos de los emigrantes (crecimiento del PIB del país anfitrión y del salario real de los migrantes). Queda establecido que las variables macroeconómicas pertenecientes al país anfitrión o emisor tienen mayor efecto sobre el flujo de remesas que las variables del país de origen del emigrante
653 0# - TERMINO DE INDIZACION - NO CONTROLADO
Término no controlado REMESAS
653 0# - TERMINO DE INDIZACION - NO CONTROLADO
Término no controlado MIGRACION
653 0# - TERMINO DE INDIZACION - NO CONTROLADO
Término no controlado VARIABLES MACROECONOMICAS
856 4# - LOCALIZACIÓN Y ACCESO ELECTRÓNICOS
Identificador Uniforme del Recurso <a href="http://www.redalyc.org/articulo.oa?id=87046120006">http://www.redalyc.org/articulo.oa?id=87046120006</a>
905 ## - TIPO DE MATERIAL
Tipo de material Articulo

No items available.